Membaca dan Memahami Surah Yasin dan menjelaskan beberapa kekeliruan sekitarnya / (Record no. 892)
[ view plain ]
| 000 -LEADER | |
|---|---|
| fixed length control field | nam a22 a 4500 |
| 003 - CONTROL NUMBER IDENTIFIER | |
| control field | AKMAL |
| 005 - DATE AND TIME OF LATEST TRANSACTION | |
| control field | 20170505163536.0 |
| 008 - FIXED-LENGTH DATA ELEMENTS--GENERAL INFORMATION | |
| fixed length control field | 170505s2004 my e 000 0 may d |
| 020 ## - INTERNATIONAL STANDARD BOOK NUMBER | |
| International Standard Book Number | 9789832891239 |
| Qualifying information | paperback |
| 040 ## - CATALOGING SOURCE | |
| Original cataloging agency | AKMAL |
| 082 04 - DEWEY DECIMAL CLASSIFICATION NUMBER | |
| Classification number | 297.1229 MEM |
| Edition number | 23 |
| 090 00 - LOCALLY ASSIGNED LC-TYPE CALL NUMBER (OCLC); LOCAL CALL NUMBER (RLIN) | |
| Classification number (OCLC) (R) ; Classification number, CALL (RLIN) (NR) | 297.1229 |
| Local cutter number (OCLC) ; Book number/undivided call number, CALL (RLIN) | MEM |
| 245 00 - TITLE STATEMENT | |
| Title | Membaca dan Memahami Surah Yasin dan menjelaskan beberapa kekeliruan sekitarnya / |
| Statement of responsibility, etc. | Disusun oleh SHAMSUDIN OTHMAN |
| 264 #1 - PRODUCTION, PUBLICATION, DISTRIBUTION, MANUFACTURE, AND COPYRIGHT NOTICE | |
| Place of production, publication, distribution, manufacture | Cheras, Selangor : |
| Name of producer, publisher, distributor, manufacturer | WHOLESALE-MART BUSINESS POINT SDB BHD , |
| Date of production, publication, distribution, manufacture, or copyright notice | 2004 |
| 300 ## - PHYSICAL DESCRIPTION | |
| Extent | 56 pages ; |
| Dimensions | 19 cm |
| 500 ## - GENERAL NOTE | |
| General note | Contains verses from the Qur'an |
| 630 00 - SUBJECT ADDED ENTRY--UNIFORM TITLE | |
| Uniform title | Koran. |
| Name of part/section of a work | Surah Yaa Siin |
| 9 (RLIN) | 1901 |
| 650 10 - SUBJECT ADDED ENTRY--TOPICAL TERM | |
| Topical term or geographic name entry element | Islam |
| Form subdivision | Prayers and devotions |
| 9 (RLIN) | 1608 |
| 650 20 - SUBJECT ADDED ENTRY--TOPICAL TERM | |
| Topical term or geographic name entry element | Qur'anic recitations |
| 9 (RLIN) | 1902 |
| 700 0# - ADDED ENTRY--PERSONAL NAME | |
| Personal name | Shamsudin Othman, |
| Titles and other words associated with a name | Dr., |
| Dates associated with a name | 1966-, |
| Relator term | editor. |
| 9 (RLIN) | 1903 |
| 942 ## - ADDED ENTRY ELEMENTS (KOHA) | |
| Source of classification or shelving scheme | |
| Koha item type | Book |
| Withdrawn status | Lost status | Source of classification or shelving scheme | Damaged status | Not for loan | Collection code | Home library | Current library | Shelving location | Date acquired | Inventory number | Total Checkouts | Full call number | Barcode | Date last seen | Price effective from | Koha item type |
|---|---|---|---|---|---|---|---|---|---|---|---|---|---|---|---|---|
| NON-FICTION | AKMAL Melaka | AKMAL Melaka | PINJAMAN | 05.05.2017 | 200925 | 297.1229 MEM | 201701902 | 05.05.2017 | 05.05.2017 | Book |
